Restoration literature : (رقم التسجيلة. 19762)

تفاصيل مارك
000 -الفاتح
حقل البيانات ثابتة الطول 00910 am a2200265ua 4500
001 - رقم الضبط
رقم الضبط 011942908
003 - محدد رقم الضبط
رقم الضبط OSt
005 - وقت وتاريخ اخر تعامل مع التسجيلة
رقم الضبط 20150408113959.0
008 - عناصر البيانات ثابتة الطول - معلومات عامة
حقل البيانات ثابتة الطول 111214s2009 enk || 000 ||eng
010 ## - رقم ضبط مكتبة الكونجرس
رقم ضبط مكتبة الكونجرس 2001036908
015 ## - رقم الببليوجرافية الوطنية
رقم الببليوجرافية الوطنية GBA216790
المصدر bnb
020 ## - الرقم الدولى المعيارى للكتب
الرقم الدولى المعيارى للكتاب 9780199555192
040 ## - مصدر الفهرسة
وكالة الفهرسة الأصلية DLC
وكالة النسخ DLC
وكالة التعديل Uk
082 04 - رقم تصنيف ديوى العشرى
رقم التصنيف 820.8004 R E L
رقم الطبعة 21
245 00 - بيان العنوان
العنوان Restoration literature :
بقية العنوان an anthology /
بيان المسئوليه,etc edited with an introduction and notes by Paul Hammond.
260 ## - PUBLICATION, DISTRIBUTION, ETC. (IMPRINT)
مكان الناشر او الموزع Oxford :
اسم الناشر او الموزع Oxford University Press,
تاريخ النشر أو التوزيع 2009.
300 ## - الوصف المادى
التعداد xxxvii, 437 p. ;
أبعاد الوعاء 20 cm.
490 0# - بيان السلسلة
عنوان السلسلة Oxford world's classics
504 ## - تبصرة ببليوجرافية
تبصرة ببليوجرافية,الخ Includes bibliographical references.
650 #0 - المدخل الاضافى بالموضوع-مصطلح موضوعى
مصطلح موضوعي أو اسم جغرافي كعنصر مدخل English literature
التقسيم الفرعي الزمني Early modern, 1500-1700.
651 #0 - المدخل الاضافى بالموضوع - اسم جغرافى
الاسم الجغرافي Great Britain
التقسيم الفرعي العام History
التقسيم الفرعي الزمني Restoration, 1660-1688
التقسيم الفرعي الشكلي Literary collections.
9 (RLIN) 8433
700 1# - المدخل الاضافى - اسم شخصى
الإسم الشخصى Hammond, Paul,
التواريخ المصاحبة للاسم 1953-
9 (RLIN) 8265
942 ## - عناصر المدخل الإضافي( كوها)
مصدر التصنيف او مخطط الترفيف Dewey Decimal Classification
Koha [default] item type DVD
المقتنيات
حالة الفقد نموذج السعر الفعال حالة تلف ليس للاعارة رقم الطلب تاريخ الاكتساب الموقع الحالي الباركود الفرع الرئيسي Date last seen نوع المادة فى نظام كوها مصدر التصنيف او خطة الترفيف Total Checkouts
  2013-03-10     820.8004 R E L 2011-12-14 قسم الاجراءات الفنية (IC) 00100512 قسم الاجراءات الفنية (IC) 2013-03-10 كتاب Dewey Decimal Classification  
  2013-03-10     820.8004 R E L 2011-12-14 قسم الاجراءات الفنية (IC) 00100511 قسم الاجراءات الفنية (IC) 2013-03-10 كتاب Dewey Decimal Classification